000 00426ntaaa2200181 4500
003 01
005 20251027201757.0
008 0714s1973 ag 01
040 _aAR-BaBN
_bspa
_cAR-BaBN
_eaacr
_dRIC
082 _a241.0000 Sc4
100 _aScudder, C.W.
_910582
245 _aDanger ahead
250 _a1 ed.
260 _aNashville :
_bBroadman Press,
_c1961
300 _a180 p
650 _aética cristiana
942 _cBK
999 _c12451
_d12451